[Event "BRA-ch U26"]
[Site "Goiania"]
[Date "2017.10.22"]
[Round "7"]
[White "Gomes, Luis Gustavo M Nev"]
[Black "Flach, Kauan Andrei"]
[Result "1-0"]
[WhiteElo "2023"]
[BlackElo "1819"]
[PlyCount "53"]
[EventDate "2017.10.19"]
[EventType "swiss"]
[EventRounds "7"]
[EventCountry "BRA"]
[SourceTitle "CBM 181 Extra"]
[Source "ChessBase"]
[SourceDate "2017.12.12"]
[SourceVersion "1"]
[SourceVersionDate "2017.12.12"]
[SourceQuality "1"]

1. e4 c5 2. Nf3 a6 3. a4 Nc6 4. Nc3 d6 5. Bc4 g6 6. 0-0 Bg7 7. h3 Nf6 8. Re1 0-0 9. d3 e6 10. Bg5 h6 11. Bh4 Qd7 12. Qd2 Kh7 13. Ba2 b6 14. Ne2 Bb7 15. c3 d5 16. e5 Ng8 17. d4 f6 18. exf6 Bxf6 19. dxc5 bxc5 20. Nf4 Bxh4 21. Nxh4 Rf6 22. Nhxg6 Nce7 23. Ne5 Qc7 24. Nh5 Raf8 25. Bb1+ Kh8 26. Nxf6 Rxf6 27. Ng4 1-0

[Event "BRA-ch U26"]
[Site "Goiania"]
[Date "2017.10.21"]
[Round "5"]
[White "Awoki, Daniel Teidi"]
[Black "Flach, Kauan Andrei"]
[Result "0-1"]
[WhiteElo "2057"]
[BlackElo "1819"]
[PlyCount "80"]
[EventDate "2017.10.19"]
[EventType "swiss"]
[EventRounds "7"]
[EventCountry "BRA"]
[SourceTitle "CBM 181 Extra"]
[Source "ChessBase"]
[SourceDate "2017.12.12"]
[SourceVersion "1"]
[SourceVersionDate "2017.12.12"]
[SourceQuality "1"]

1. e4 e5 2. Nf3 Nc6 3. d4 exd4 4. Bc4 Nf6 5. e5 d5 6. Bb5 Ne4 7. Nxd4 Bd7 8. Bxc6 bxc6 9. 0-0 Bc5 10. f3 Ng5 11. f4 Ne4 12. c3 Qc8 13. Nd2 Nxd2 14. Bxd2 0-0 15. Kh1 Bxd4 16. cxd4 Bf5 17. Rc1 Rb8 18. b3 Qd7 19. Rc5 Rfe8 20. Qc1 Re6 21. Ra5 a6 22. Rf3 Be4 23. Rg3 h5 24. Qd1 h4 25. Rg5 Rg6 26. Rxg6 fxg6 27. Kg1 h3 28. g4 Rf8 29. Rxa6 g5 30. f5 Bxf5 31. gxf5 Qxf5 32. Qe2 Qb1+ 33. Be1 Qa1 34. Ra4 Kf7 35. Qe3 Qd1 36. Ra6 Kg8 37. e6 Qg4+ 38. Bg3 Qd1+ 39. Qe1 Qxd4+ 40. Kh1 Qe4+ 0-1

[Event "BRA-ch U26"]
[Site "Cuiaba"]
[Date "2016.11.05"]
[Round "4"]
[White "Ferreira, Pedro Araujo"]
[Black "Flach, Kauan Andrei"]
[Result "1-0"]
[WhiteElo "2046"]
[BlackElo "1798"]
[PlyCount "101"]
[EventDate "2016.11.03"]
[EventType "swiss"]
[EventRounds "7"]
[EventCountry "BRA"]
[SourceTitle "CBM 175 Extra"]
[Source "ChessBase"]
[SourceDate "2016.12.12"]
[SourceVersion "1"]
[SourceVersionDate "2016.12.12"]
[SourceQuality "1"]

1. d4 Nf6 2. Nf3 d6 3. c4 g6 4. Nc3 Bg7 5. g3 0-0 6. Bg2 Nc6 7. 0-0 Re8 8. h3 e5 9. d5 Ne7 10. e4 Nh5 11. Ne2 f5 12. Nd2 f4 13. Kh2 g5 14. g4 Nf6 15. Nc3 Kf7 16. Nf3 h6 17. Bd2 Rh8 18. Rh1 Ng6 19. Kg1 Ne8 20. b4 Bf6 21. Rc1 h5 22. gxh5 Nh4 23. Nxh4 gxh4 24. Kf1 b6 25. Bf3 a5 26. b5 Ng7 27. Bg4 Qg8 28. Rg1 Qh7 29. Rh1 Nxh5 30. Bxh5+ Qxh5 31. Qxh5+ Rxh5 32. Kg2 Bd7 33. Rhg1 Rg8+ 34. Kh2 Rhg5 35. Ne2 R5g6 36. Rxg6 Rxg6 37. Rg1 Rxg1 38. Nxg1 Kg6 39. a4 Kh6 40. f3 Kh5 41. Ne2 Kg5 42. Nc1 Bc8 43. Nb3 Kg6 44. Bxa5 bxa5 45. Nxa5 Kf7 46. Nc6 Ke8 47. a5 Kd7 48. a6 Bg5 49. Na5 Bxa6 50. bxa6 Kc8 51. a7 1-0

[Event "Rio de Janeiro Salamon Memorial"]
[Site "Rio de Janeiro"]
[Date "2016.06.26"]
[Round "5"]
[White "Flach, Kauan Andrei"]
[Black "Rial, Antonio Marcos Pino"]
[Result "1-0"]
[WhiteElo "1778"]
[BlackElo "1561"]
[PlyCount "71"]
[EventDate "2016.06.24"]
[EventType "swiss"]
[EventRounds "6"]
[EventCountry "BRA"]
[SourceTitle "CBM 173 Extra"]
[Source "ChessBase"]
[SourceDate "2016.08.29"]
[SourceVersion "1"]
[SourceVersionDate "2016.08.29"]
[SourceQuality "1"]

1. e4 Nc6 2. d4 e5 3. dxe5 Nxe5 4. f4 Ng6 5. Nf3 Bc5 6. Bc4 Nf6 7. Nc3 Ng4 8. Rf1 Nxh2 9. Qd5 Nxf3+ 10. Rxf3 Qh4+ 11. g3 Qe7 12. Be3 Bxe3 13. Rxe3 c6 14. Qd4 0-0 15. 0-0-0 b5 16. Bd3 Bb7 17. Be2 Rad8 18. e5 a5 19. Ne4 Qb4 20. Qa7 d5 21. Nd6 Bc8 22. Rb3 Nxf4 23. Rxb4 Nxe2+ 24. Kd2 axb4 25. Kxe2 Bg4+ 26. Kd2 Bxd1 27. Kxd1 Ra8 28. Qb6 Rxa2 29. b3 Ra1+ 30. Kd2 Rh1 31. Qxc6 Rh2+ 32. Kd3 Rg2 33. Nf5 g6 34. Ne7+ Kg7 35. Qf6+ Kh6 36. Nf5+ 1-0

[Event "Fraiburgo Alvino Memorial 3rd"]
[Site "Fraiburgo"]
[Date "2013.07.21"]
[Round "6"]
[White "Bernardes, Arthur Feliphe Stru"]
[Black "Flach, Kauan Andrei"]
[Result "0-1"]
[WhiteElo "1816"]
[BlackElo "1791"]
[PlyCount "46"]
[EventDate "2013.07.19"]
[EventType "swiss"]
[EventRounds "6"]
[EventCountry "BRA"]
[SourceTitle "CBM 155 Extra"]
[Source "ChessBase"]
[SourceDate "2013.08.26"]
[SourceVersion "1"]
[SourceVersionDate "2013.08.26"]
[SourceQuality "1"]

1. e4 e5 2. Nf3 Nc6 3. Bc4 Nf6 4. d3 Bc5 5. Bg5 d6 6. h3 Be6 7. Bb3 a6 8. c3 Ba7 9. Bxe6 fxe6 10. Qb3 Qd7 11. Nbd2 0-0 12. 0-0 Kh8 13. Nc4 Nh5 14. Qd1 b5 15. Ne3 Qf7 16. Bh4 Qg6 17. Ng5 Rae8 18. Rc1 h6 19. Nf3 Nf4 20. Rc2 Nxh3+ 21. Kh2 Nf4 22. g3 Nxd3 23. Ne1 Nc5 0-1

[Event "Foz do Iguacu op 3rd"]
[Site "Foz do Iguacu"]
[Date "2013.06.01"]
[Round "4"]
[White "Flach, Kauan Andrei"]
[Black "Lemes, Cintia"]
[Result "1-0"]
[WhiteElo "1774"]
[BlackElo "1800"]
[PlyCount "83"]
[EventDate "2013.05.31"]
[EventType "swiss"]
[EventRounds "6"]
[EventCountry "BRA"]
[SourceTitle "CBM 154 Extra"]
[Source "ChessBase"]
[SourceDate "2013.06.25"]
[SourceVersion "2"]
[SourceVersionDate "2013.06.25"]
[SourceQuality "1"]

1. e4 e5 2. Nf3 Nc6 3. Bb5 Bc5 4. 0-0 d6 5. c3 Bg4 6. d3 Nge7 7. Re1 Ng6 8. Nbd2 Nf4 9. Nf1 Qf6 10. Bxf4 Qxf4 11. Ne3 0-0 12. Nd5 Bxf3 13. gxf3 Qg5+ 14. Kh1 Bxf2 15. Re2 Bb6 16. Rg2 Qd8 17. Qd2 f5 18. Qh6 Rf7 19. Nxb6 axb6 20. Rag1 Qf8 21. Bc4 Kh8 22. Qg5 h6 23. Qh5 Rf6 24. Rxg7 Qxg7 25. Rxg7 Kxg7 26. exf5 Raf8 27. Qg4+ Kh7 28. d4 exd4 29. cxd4 Nb4 30. a3 d5 31. Bf1 Nc6 32. Qf4 R6f7 33. Bd3 Na5 34. Qe5 c6 35. Qe2 b5 36. Kg2 Nc4 37. Kg3 Nd6 38. Kf4 Nxf5 39. Qe5 Kg6 40. h4 Kh5 41. Bc2 Rg8 42. b3 1-0

[Event "Catarinense-ch U20"]
[Site "Concordia"]
[Date "2013.05.19"]
[Round "6"]
[White "Goncalves, Davi Sulzbacher"]
[Black "Flach, Kauan Andrei"]
[Result "1/2-1/2"]
[WhiteElo "1883"]
[BlackElo "1774"]
[PlyCount "66"]
[EventDate "2013.05.17"]
[EventType "swiss"]
[EventRounds "6"]
[EventCountry "BRA"]
[SourceTitle "EXT 2015"]
[Source "ChessBase"]
[SourceDate "2014.11.20"]
[SourceVersion "1"]
[SourceVersionDate "2014.11.20"]
[SourceQuality "1"]

1. d4 d5 2. Bf4 Nf6 3. e3 c5 4. c3 b6 5. Nf3 g6 6. h3 Bg7 7. Nbd2 0-0 8. Be2 Nbd7 9. 0-0 Bb7 10. Re1 Re8 11. Ne5 Ne4 12. Bb5 Bxe5 13. Bxe5 a6 14. Ba4 b5 15. Bc2 Nxd2 16. Qxd2 Nxe5 17. dxe5 Qc7 18. f4 Red8 19. Qf2 Rac8 20. Rac1 e6 21. h4 h5 22. Qg3 Kh7 23. Qg5 Kg7 24. Rf1 Re8 25. f5 exf5 26. Rxf5 Re6 27. Rcf1 Rf8 28. Rf6 Qxe5 29. Qxe5 Rxe5 30. Bxg6 Bc8 31. Rxf7+ Rxf7 32. Bxf7 Bg4 33. a3 a5 1/2-1/2

[Event "Catarinense-ch U20"]
[Site "Concordia"]
[Date "2013.05.18"]
[Round "3"]
[White "Flach, Kauan Andrei"]
[Black "Dallagrave, Tainan Marcel"]
[Result "1-0"]
[WhiteElo "1774"]
[BlackElo "1788"]
[PlyCount "74"]
[EventDate "2013.05.17"]
[EventType "swiss"]
[EventRounds "6"]
[EventCountry "BRA"]
[SourceTitle "EXT 2015"]
[Source "ChessBase"]
[SourceDate "2014.11.20"]
[SourceVersion "1"]
[SourceVersionDate "2014.11.20"]
[SourceQuality "1"]

1. e4 c5 2. Nf3 d6 3. d4 cxd4 4. Nxd4 Nf6 5. Nc3 a6 6. Be3 Ng4 7. Nd5 Nxe3 8. Nxe3 e6 9. Qd2 Be7 10. 0-0-0 Qc7 11. f4 Nd7 12. Be2 Nc5 13. Bf3 Bd7 14. f5 Bg5 15. h4 Bf4 16. Ne2 Be5 17. Ng4 exf5 18. Nxe5 dxe5 19. exf5 Bxf5 20. Nc3 Be6 21. Kb1 0-0 22. Qe3 Rac8 23. Rhe1 f6 24. g4 b5 25. Nd5 Bxd5 26. Bxd5+ Kh8 27. g5 Nb7 28. Be4 Nd6 29. Bd3 Nc4 30. Qe2 Qe7 31. Bxh7 g6 32. Bxg6 f5 33. Qh5+ Kg8 34. Bxf5 Rc6 35. Rd7 Qxd7 36. Bxd7 Rd6 37. Bg4 Ne3 1-0

[Event "Catarinense-ch U20"]
[Site "Lacerdapolis"]
[Date "2012.05.06"]
[Round "5"]
[White "Dallagrave, Tainan Marcel"]
[Black "Flach, Kauan Andrei"]
[Result "1/2-1/2"]
[WhiteElo "1750"]
[BlackElo "1699"]
[PlyCount "46"]
[EventDate "2012.05.04"]
[EventType "swiss"]
[EventRounds "6"]
[EventCountry "BRA"]
[SourceTitle "CBM 148 Extra"]
[Source "ChessBase"]
[SourceDate "2012.06.22"]
[SourceVersion "1"]
[SourceVersionDate "2012.06.22"]
[SourceQuality "1"]

1. e4 Nf6 2. Nc3 d5 3. exd5 Nxd5 4. Bc4 e6 5. Qf3 c6 6. Nge2 Nd7 7. Qg3 Qc7 8. Qxc7 Nxc7 9. d3 b5 10. Bb3 Nc5 11. 0-0 Nxb3 12. axb3 Bb7 13. Be3 a6 14. Ng3 Nd5 15. Nxd5 cxd5 16. c3 Be7 17. b4 0-0 18. Rfe1 Rfc8 19. Ne2 Bd8 20. Nd4 h6 21. Nb3 Rc6 22. Nd4 Rcc8 23. Nb3 Rc6 1/2-1/2

[Event "Dois Irmaos Regional Sul"]
[Site "Dois Irmaos"]
[Date "2012.??.??"]
[Round "6"]
[White "Cruz, Eider Tiago Da"]
[Black "Flach, Kauan Andrei"]
[Result "1-0"]
[WhiteElo "2137"]
[BlackElo "1755"]
[PlyCount "33"]
[EventDate "2012.10.12"]
[EventType "swiss"]
[EventRounds "6"]
[EventCountry "BRA"]
[SourceTitle "EXT 2013"]
[Source "ChessBase"]
[SourceDate "2012.11.22"]
[SourceVersion "1"]
[SourceVersionDate "2012.11.22"]
[SourceQuality "1"]

1. d4 Nf6 2. c4 e6 3. Nf3 d5 4. Nc3 Be7 5. e3 0-0 6. Bd3 b6 7. e4 dxc4 8. Bxc4 Bb7 9. Qe2 Nbd7 10. 0-0 c5 11. Rd1 cxd4 12. Nxd4 e5 13. Nf5 Bb4 14. Bg5 Bxc3 15. Bxf6 Qxf6 16. Rxd7 Qc6 17. Ne7+ 1-0